000 00718nam a22002417a 4500
003 UA-OsUOA
001 96049
007 ta
008 20130314b un ||||| |||| 00| 0 ukr d
100 _aКонстантинов А.
090 _a821.163.2
_bК65
942 _cBK
040 _aUA-OsUOA
_bukr
_cUA-OsUOA
_dUA-OsUOA
245 _aБай Ганьо
_bнемовірні оповідання про одного сучасного болгарина
300 _a172 с.
_bІлюстрації
955 _a3
041 _aukr
080 _a821.163.2
260 _aК.
_bДніпро
_c1979
044 _aRU
650 7 _a82 Література. Літературознавство
_2UDC
999 _c382301
_d382301